书目信息 |
| 题名: |
管理学
|
|
| 作者: | 徐子健 主编 | |
| 分册: | ||
| 出版信息: | 北京 对外经济贸易大学出版社 2002 |
|
| 页数: | 360页 | |
| 开本: | 23cm | |
| 丛书名: | 对外经济贸易大学国际工商管理学院“211工程”系列教材 | |
| 单 册: | ||
| 中图分类: | C93-43 , F270-43 | |
| 科图分类: | ||
| 主题词: | 管理学--高等学校--教材 , 企业管理--理论--高等学校--教材 , 管理学 , 企业管理 | |
| 电子资源: | ||
| ISBN: | 7-81078-196-0 | |
| 000 | 01142nam0 2200349 450 | |
| 000 | 01161nam0 2200349 450 | |
| 000 | 01124nam0 2200337 450 | |
| 000 | 01107nam0 2200337 450 | |
| 000 | 01070nam0 2200325 45 | |
| 001 | 012003003110 | |
| 005 | 20050908155029.79 | |
| 010 | @a7-81078-196-0@dCNY38.00 | |
| 100 | @a20030116d2002 em y0chiy0121 ea | |
| 101 | 0 | @achi |
| 102 | @aCN@b110000 | |
| 105 | @aa j 000yy | |
| 200 | 1 | @a管理学@Aguan li xue@f徐子健主编 |
| 210 | @a北京@c对外经济贸易大学出版社@d2002 | |
| 215 | @a360页@c图表@d23cm | |
| 225 | 2 | @a对外经济贸易大学国际工商管理学院“211工程”系列教材@i工商管理部分 |
| 330 | @a本书介绍的是管理一般基本理论、原则、方法和技能等,侧重于工商管理,本书相当多的内容适用于非赢利组织。 | |
| 461 | 0 | @12001 @a对外经济贸易大学国际工商管理学院“211工程”系列教材 |
| 462 | 0 | @12001 @a工商管理部分 |
| 606 | 0 | @a管理学@x高等学校@j教材 |
| 606 | 0 | @a企业管理@x理论@x高等学校@j教材 |
| 606 | 0 | @a管理学 |
| 606 | 0 | @a企业管理 |
| 690 | @aC93-43@v4 | |
| 690 | @aF270-43@v4 | |
| 701 | 0 | @a徐子健@Axu zi jian@4主编 |
| 801 | 0 | @aCN@bSRXX@c20050908 |
| 905 | @a10447@dF270-43@eX840 | |
| 管理学/徐子健主编.-北京:对外经济贸易大学出版社,2002 |
| 360页:图表;23cm.-(对外经济贸易大学国际工商管理学院“211工程”系列教材.工商管理部分) |
| ISBN 7-81078-196-0:CNY38.00 |
| 本书介绍的是管理一般基本理论、原则、方法和技能等,侧重于工商管理,本书相当多的内容适用于非赢利组织。 |
| ● |
| 相关链接 |
|
|
|
正题名:管理学
索取号:F270-43/X840
 
预约/预借
| 序号 | 登录号 | 条形码 | 馆藏地/架位号 | 状态 | 备注 |
| 1 | 540787 | 205407870 | 社科库409/409社科库 86排1列3层/ [索取号:F270-43/X840] | 在馆 | |
| 2 | 540788 | 205407889 | 社科库409/409社科库 86排1列3层/ [索取号:F270-43/X840] | 在馆 |